000
00292nam a2200121Ia 4500
008
190216s9999||||xx |||||||||||||| ||und||
100
_a
Kedamangalam Sadanandan
245
0
_a
Kavikalude Kesari
260
_b
Current Books
_c
1959
300
_a
107p
650
_a
Malayalam Kavitha
942
_c
BK
999
_c
23635
_d
23635